|
|
|
|
| LEADER |
00900nab a2200241 i 4500 |
| 001 |
misc64085 |
| 005 |
20230427111049.0 |
| 008 |
221214s1942 hu o 0|| hun d |
| 040 |
|
|
|a SZTE Miscellanea Repozitórium
|b hun
|
| 041 |
|
|
|a hun
|
| 041 |
|
|
|a tut
|
| 100 |
1 |
|
|a Németh Gyula
|
| 245 |
1 |
0 |
|a Török jövevényszók
|h [elektronikus dokumentum] /
|c Németh Gyula
|
| 260 |
|
|
|a Magyar Nyelvtudományi Társaság
|b Budapest
|c 1942
|
| 300 |
|
|
|a 286-300
|c 24 cm
|
| 300 |
|
|
|a [15] p.
|c 24 cm
|
| 490 |
0 |
|
|a Emlékkönyv Melich János hetvenedik születésnapjára
|
| 561 |
|
|
|a Németh Gyula hagyaték
|
| 591 |
|
|
|a NOA 4270
|
| 650 |
|
4 |
|a Bölcsészettudományok
|
| 650 |
|
4 |
|a Nyelvek és irodalom
|
| 695 |
|
|
|a Magyar nyelv - török jövevényszavak, Magyar nyelv - etimológia, Magyar nyelv - szókészlettan
|
| 856 |
4 |
0 |
|u http://misc.bibl.u-szeged.hu/64085/1/4270_noa.pdf
|z Dokumentum-elérés
|